000
00294nam a2200121Ia 4500
008
191201s2018 xx 000 0 und d
100
_a
TANEJA, Sheetal
245
0
_a
Python Programming: A Modular Approach
260
_b
Pearson
_c
2018
300
_a
582
650
_a
B.Tech(IT)
942
_2
ddc
_c
BK
999
_c
6796
_d
6796